25 largest cities by letter - V - Statistics

General Stats
  • This quiz has been taken 52 times
  • The average score is 10 of 25
Answer Stats
Country Population City % Correct
Austria 1,691,468 Vienna
100%
Venezuela 1,385,083 Valencia
94%
Spain 814,208 Valencia
94%
Turkey 371,713 Van
86%
Lithuania 542,366 Vilnius
86%
Canada 600,000 Vancouver
84%
Russia 1,011,417 Volgograd
72%
Russia 587,022 Vladivostok
60%
India 1,164,404 Varanasi
44%
Russia 848,752 Voronezh
34%
Spain 317,864 Valladolid
32%
United States 452,745 Virginia Beach
26%
India 1,063,178 Visakhapatnam
26%
Belarus 342,700 Vitebsk
20%
India 1,409,476 Vadodara
18%
Ukraine 352,115 Vinnytsia
16%
Russia 314,900 Vologda
16%
Russia 317,370 Vladikavkaz
12%
South Africa 474,681 Vereeniging
10%
India 874,587 Vijayawada
10%
Brazil 394,930 Vila Velha
6%
Russia 323,293 Volzhskiy
6%
Colombia 321,717 Villavicencio
4%
Mexico 353,577 Villahermosa
2%
Guatemala 406,830 Villa Nueva
2%
No matching quizzes found
Score Distribution
Percent of People with Each Score
Percentile by Number Answered
Your Score History
You have not taken this quiz